Parts of the Brain - Statistics

General Stats
  • This quiz has been taken 38 times
  • The average score is 7 of 15
Answer Stats
Hint Answer % Correct
the egg-shaped chamber that relays information, starts with "th" thalamus
89%
the almond-shaped structure involved with fear, emotion, etc. starts with "a" amygdala
86%
the structure underneath that chamber, which maintains homeostasis, etc. hypothalamus
68%
the smaller part of the brain (little brain) used for balance and coordination cerebellum
64%
the gland named for its slime (pitooey!), known for growth & sex hormones pituitary gland
64%
the main part of the brain cerebrum
54%
the structure that connects the right and left hemispheres (tough body) corpus callosum
50%
the clear fluid that surrounds the brain and spinal cord cerebrospinal fluid
43%
the bump between the brain and the spinal cord (bridge) starts with "p" pons
43%
the protective layers around the brain meninges
36%
the gland that resembles a tiny pinecone and makes melatonin pineal gland
36%
the outermost layer of the meninges (hard mother) dura mater
25%
the middle layer of the meninges (spider mother) arachnoid mater
21%
the bump underneath that (oblong pith) medulla oblongata
21%
the innermost layer of the meninges (tender mother) pia mater
21%
No matching quizzes found
Score Distribution
Percent of People with Each Score
Percentile by Number Answered
Your Score History
You have not taken this quiz